Micho 2: educación infantil, globalizado primer trimestre

Guardat en:
Dades bibliogràfiques
Autors principals: Martínez Belinchón, Pilar (autora), Sahuquillo Sahuquillo, María Isabel (Autor), García García, Felisa (Autor)
Format: Llibre
Idioma:espanyol
Publicat: Madrid Bruño 1998
Matèries:
Etiquetes: Afegir etiqueta
Sense etiquetes, Sigues el primer a etiquetar aquest registre!

MARC

LEADER 00000nam a2200000 a 4500
001 UCP4738
003 CL-VaPUC
008 990813e19980000SP |||||||||||||||||spa|d
082 0 4 |a 372.41  |b MAR  |2 21 
100 |a Martínez Belinchón, Pilar  |e autora  |9 463381 
700 0 |a Sahuquillo Sahuquillo, María Isabel  |e author  |9 432567 
700 0 |a García García, Felisa  |e author  |9 432568 
245 1 0 |a Micho 2: educación infantil, globalizado primer trimestre 
300 |a 143 p 
942 |c BK 
945 |d 19990813 00:00:00  |a rbrito 
260 |a Madrid  |b Bruño  |c 1998 
500 |a Incluye en forma separada cassette con canciones infantiles 
650 0 |a Educación básica   |9 224933 
650 0 |a Enseñanza del lenguaje  |9 373325 
650 0 |a Lectoescritura  |9 309175 
650 0 |a Métodos de enseñanza  |9 270413 
583 |a last modification  |c 19990813 00:00:00  |k Rodrigo Vera 
999 |c 282638  |d 282636 
952 |0 0  |1 0  |4 0  |6 372_410000000000000_MAR_1998  |7 0  |8 A  |9 324687  |a BIBEDU  |b BIBEDU  |d 2019-11-20  |i 3540243  |o 372.41 MAR 1998  |p 3540243  |r 2019-11-20  |w 2019-11-20  |y BK  |k BME 
952 |0 0  |1 0  |4 0  |6 372_410000000000000_MAR_1998  |7 0  |8 A  |9 324688  |a BIBEDU  |b BIBEDU  |d 2019-11-20  |i 3541398  |o 372.41 MAR 1998  |p 3541398  |r 2019-11-20  |w 2019-11-20  |y BK  |k BME